000 00657nam a2200217Ia 4500
003 GCL
008 140319s9999 xx 000 0 ara d
040 _aGCL /
_cGCL
082 0 4 _a822.008
_bى م
100 1 _aيونسكو، اوجين
245 1 0 _aماكبت /
_cيونسكو، اوجين
700 1 _aهدى وصفى
300 _a98 ص
490 _a
650 0 4 _aالادب الانجليزى
650 0 4 _aالمسرحيات الانجليزية
650 0 4 _aالادب الانجليزى المترجم
650 0 4 _aالمسرحيات الانجليزية المترجمة
650 0 4 _aشكسبير، ويليام
942 _2ddc
_cBK
999 _c41525
_d41525